Statystyki dla Państwa świata z literą N

Kliknij tutaj aby rozwiązać quiz!

Ogólne statystyki

  • Ten quiz został rozwiązany 951 razy
    (866 od ostatniego zresetowania)
  • Średni wynik to 81 z 112

Statystyki odpowiedzi

Państwa% Poprawnych
Norwegia
92%
Niemcy
91%
Niger
90%
Finlandia
88%
Nigeria
88%
Kanada
87%
Argentyna
86%
Hiszpania
86%
Holandia
86%
Nowa Zelandia
84%
Afganistan
83%
Francja
83%
Irlandia
83%
Islandia
83%
Japonia
83%
Estonia
82%
USA
82%
Demokratyczna Republika Konga
81%
Indie
81%
Indonezja
81%
Iran
81%
Korea Północna
81%
Ukraina
81%
Andora
80%
Dania
80%
Kazachstan
80%
Korea Południowa
80%
Słowenia
80%
Turkmenistan
80%
Uzbekistan
80%
Armenia
79%
Chiny
79%
Dominika
79%
Pakistan
79%
Tadżykistan
79%
Watykan
79%
Albania
78%
Jemen
78%
Oman
78%
Dominikana
77%
Kongo
77%
Liechtenstein
77%
Republika Południowej Afryki
77%
Wenezuela
77%
Wielka Brytania
77%
Azerbejdżan
76%
Gwinea
76%
Rumunia
76%
Zjednoczone Emiraty Arabskie
76%
Kirgistan
75%
Macedonia Północna
75%
San Marino
75%
Nepal
74%
Angola
73%
Bośnia i Hercegowina
73%
Kenia
73%
Monako
73%
Tajlandia
73%
Sudan
72%
Gwinea Równikowa
71%
Mongolia
71%
Namibia
71%
Tunezja
71%
Czarnogóra
70%
Panama
70%
Gwinea Bissau
69%
Honduras
69%
Liban
69%
Nikaragua
69%
Sudan Południowy
69%
Filipiny
68%
Papua Nowa Gwinea
68%
Republika Zielonego Przylądka
68%
Senegal
68%
Wietnam
68%
Wyspy Salomona
68%
Bangladesz
67%
Jordania
67%
Bhutan
66%
Tanzania
66%
Antigua i Barbuda
65%
Kamerun
64%
Saint Vincent i Grenadyny
64%
Tajwan
64%
Wybrzeże Kości Słoniowej
64%
Bahrajn
63%
Benin
63%
Gujana
63%
Nauru
63%
Mauretania
62%
Saint Lucia
62%
Singapur
62%
Uganda
62%
Burundi
61%
Saint Kitts i Nevis
61%
Sri Lanka
61%
Trynidad i Tobago
61%
Brunei
60%
Burkina Faso
60%
Gabon
60%
Grenada
60%
Mikronezja
60%
Tonga
58%
Ghana
57%
Rwanda
57%
Surinam
57%
Botswana
56%
Vanuatu
56%
Eswatini
53%
Mjanma
53%
Sierra Leone
51%
Timor Wschodni
51%

Rozkład punktacji

Percentyl według liczby udzielonych odpowiedzi

Procent ludzi z każdym wynikiem

Twoja historia wyników

Nie rozwiązałeś tego quizu od ostatniego zresetowania